000 00766nam a2200229 a 4500
001 000048979
005 20201002061548.0
008 190513s2017 dr a r 000 0 spa d
020 _a9789945167788
040 _aDO-SdBNP
_bspa
_cBNPHU
082 _axxxx
_bJ61e
100 1 _aJiménez, Miguel Antonio,
_d1955-
_921801
245 1 0 _aEn el arco iris de una ola de sal :
_bsonetos libres /
_cMiguel Antonio Jiménez.
260 _aSanto Domingo :
_bBúho,
_c2017.
300 _a239 p. :
_bil. ;
_c26 cm.
490 1 _aHorizonte
_v1
490 1 _aTaller Literario César Vallejo
500 _aIncluye datos biográficos del autor en las solapas
590 _aInventariado, 2019/BT
830 0 _aHorizonte
_n1
_943666
830 0 _aTaller Literario César Vallejo
_943665
999 _c48467
_d48467